000 00518nam a2200133Ia 4500
008 100328s9999 xx 000 0 und d
082 _b44225
100 _aपाटणे संभाजीराव
245 _aत्यागमूर्ती कर्मवीर भाऊराव
260 _bसुशील
630 _aत्यागमूर्ती कर्मवीर भाऊराव
730 _aत्यागमूर्ती कर्मवीर भाऊराव
942 _cBOOK
999 _c532516
_d532513